| 000 | 00985nam a2200253 a 4500 | ||
|---|---|---|---|
| 001 | 83848 | ||
| 003 | BD-RjUL | ||
| 005 | 20240529111523.0 | ||
| 008 | 240529s2007 bg a|||| m||| 00| 0 eng d | ||
| 035 | _a(BD-RjUL)83848 | ||
| 040 |
_aBD-RjUL _beng _cBD-RjUL _dBD-RjUL |
||
| 041 | _aeng | ||
| 082 |
_223 _a597.095492 _bAKD 2007 |
||
| 100 |
_aAkter, Mst. Arifa _913225 |
||
| 245 | 1 | 0 |
_aDiseases of Exotic Carp in Rajshahi District, Bangladesh / _cBy Mst. Arifa Akter ; _6Supervisor : Md. Delwer Hossain, Supervisor : M. Habibur Rahman |
| 260 |
_aRajshahi : _bInstitute of Bilogical Sciences, University of Rajshahi, _c2007 |
||
| 300 |
_axvii, 276 Leaves : _bill, ; _c29 cm. |
||
| 502 | _aThesis (Ph. D.) -- Institute of Bilogical Sciences, University of Rajshahi, 2007 | ||
| 504 | _aReferences : Leaves 222-252 | ||
| 650 |
_aDiseases _vCarp _zBangladesh _913226 |
||
| 700 |
_aHossain, Md. Delwer, Supervisor _93212 |
||
| 700 |
_aRahman, M. Habibur, Supervisor _91942 |
||
| 942 |
_2ddc _cTHE |
||
| 999 |
_c83848 _d83848 |
||